MARC details
| 000 -CABECERA |
| campo de control de longitud fija |
01622cam a2200361 i 4500 |
| 001 - NÚMERO DE CONTROL |
| campo de control |
991061597623506706 |
| 003 - IDENTIFICADOR DEL NÚMERO DE CONTROL |
| campo de control |
ES-BaIT |
| 005 - FECHA Y HORA DE LA ÚLTIMA TRANSACCIÓN |
| campo de control |
20260306082729.0 |
| 008 - DATOS DE LONGITUD FIJA--INFORMACIÓN GENERAL |
| campo de control de longitud fija |
260130q17461774sp 000 d spa c |
| 040 ## - FUENTE DE LA CATALOGACIÓN |
| Centro catalogador/agencia de origen |
ES-BaIT |
| Lengua de catalogación |
cat |
| Normas de descripción |
rda |
| Centro/agencia transcriptor |
ES-BaIT |
| 080 ## - NÚMERO DE LA CLASIFICACIÓN DECIMAL UNIVERSAL |
| Número de la Clasificación Decimal Universal |
860-2"16" |
| 100 1# - ENTRADA PRINCIPAL--NOMBRE DE PERSONA |
| Nombre de persona |
León Marchante, Manuel de, |
| Fechas asociadas al nombre |
1631-1680 |
| Término indicativo de función/relación |
autor |
| 9 (RLIN) |
29263 |
| 245 10 - MENCIÓN DE TÍTULO |
| Título |
Entremes de los pages golosos |
| 246 30 - FORMA VARIANTE DE TÍTULO |
| Título propio/Titulo breve |
Pages golosos |
| 264 #1 - PRODUCCIÓN, PUBLICACIÓN, DISTRIBUCIÓN, FABRICACIÓN Y COPYRIGHT |
| Producción, publicación, distribución, fabricación y copyright |
Se hallará en Valencia : |
| Nombre del de productor, editor, distribuidor, fabricante |
en la Imprenta de Agustin Laborda, vive en la Bolsería, |
| Fecha de producción, publicación, distribución, fabricación o copyright |
[entre 1749 i 1774] |
| 300 ## - DESCRIPCIÓN FÍSICA |
| Extensión |
8 pàgines : |
| Dimensiones |
8º |
| 336 ## - TIPO DE CONTENIDO |
| Término de tipo de contenido |
text |
| Código de tipo de contenido |
txt |
| Fuente |
rdacontent |
| 337 ## - TIPO DE MEDIO |
| Nombre/término del tipo de medio |
sense mediació |
| Código del tipo de medio |
n |
| Fuente |
rdamedia |
| 338 ## - TIPO DE SOPORTE |
| Nombre/término del tipo de soporte |
volum |
| Código del tipo de soporte |
nc |
| Fuente |
rdacarrier |
| 500 ## - NOTA GENERAL |
| Nota general |
Dades d'edició obtingudes del colofó |
| 510 4# - NOTA DE CITAS O REFERENCIAS BIBLIOGRÁFICAS |
| Nombre de la fuente |
Barrera y Leirado. Catálogo bibliográfico y biográfico del teatro antiguo español, p. 717 |
| 533 ## - NOTA DE REPRODUCCIÓN |
| Tipo de reproducción |
Reproducció digital disponible a Biblioescènic |
| 593 ## - Camps col·lecció exemplar |
| Signatura topogràfica i/o núm. de registre |
VIT-083/04. |
| Notes |
Relligat en volum factici. En realitat són 5 exemplars diferents intercal·lats amb les pàgines barrejades. |
| Digitalització |
Exemplar digitalitzat per Crossland. |
| Nom de la col·lecció especial |
Artur Sedó |
| 655 #7 - TÉRMINO DE INDIZACIÓN--GÉNERO/FORMA |
| Datos o término principal de género/forma |
Entremesos castellans |
| Subdivisión cronológica |
S. XVII |
| Fuente del término |
lemac |
| 9 (RLIN) |
107584 |
| 700 1# - ENTRADA AGREGADA--NOMBRE PERSONAL |
| Nombre de persona |
Laborda i Campo, Agustí, |
| Fechas asociadas al nombre |
-aproximadament 1774 |
| Término indicativo de función/relación |
impressor |
| 9 (RLIN) |
158525 |
| 730 0# - ENTRADA AGREGADA--TÍTULO UNIFORME |
| Título uniforme |
Col·lecció digital Biblioescènic del MAE |
| 9 (RLIN) |
69172 |
| 752 ## - ENTRADA AGREGADA--NOMBRE JERÁRQUICO DEL LUGAR |
| País o entidad superior |
España |
| Ciudad |
València |
| 856 41 - LOCALIZACIÓN Y ACCESO ELECTRÓNICOS |
| Nota pública |
Accés lliure (Biblioescènic) |
| Identificador Uniforme del Recurso |
<a href="https://books.cdmae.cat/visorpdf/?recurs=SV0083-04">https://books.cdmae.cat/visorpdf/?recurs=SV0083-04</a> |
| 856 41 - LOCALIZACIÓN Y ACCESO ELECTRÓNICOS |
| Nota pública |
Accés lliure (BNE Digital) |
| Identificador Uniforme del Recurso |
<a href="https://bnedigital.bne.es/bd/card?oid=0000255065&site=bdh">https://bnedigital.bne.es/bd/card?oid=0000255065&site=bdh</a> |
| 908 ## - COLOCAR PARÁMETRO DE COMANDO (RLIN) |
| Colocar parámetro de comando |
CDMAE |
| 940 ## - EQUIVALENCIA O REFERENCIA-CRUZADA--TÍTULO UNIFORME [OBSOLETO] [solamente CAN/MARC] |
| Título uniforme |
<a href="CDMAE">CDMAE</a> |
| 942 ## - ELEMENTOS DE ENTRADA AGREGADA (KOHA) |
| Fuente del sistema de clasificación o colocación |
Clasificación decimal universal |
| Tipo de ítem Koha |
Digital |